Disposiciones fortalecedoras : personalidad resistente y autoeficacia en pacientes con diagnóstico de artritis reumatoide /

El propósito de esta investigación fue describir, relacionar y evaluar la capacidad predictiva de las variables de personalidad resistente y autoeficacia sobre percepción de dolor, depresión y limitaciones funcionales en una muestra disponible de 66 pacientes con diagnóstico de artritis reumatoide....

Descripción completa

Detalles Bibliográficos
Otros Autores: Vinaccia, Stefano, Contreras, Francoise (coaut.), Palacio, Carmencita (coaut.), Marín, Andrés (coaut.), Tobon, Sergio (coaut.), Moreno-San Pedro, Emilio (coaut.)
Formato: Analitica de revista
Lenguaje:español
Materias:

MARC

LEADER 00000cab a2200000 a 4500
001 043696
003 UAHC_CL
005 20170803124835.0
008 050715b xx j 000 1 spa
040 |a UAHC_CL  |c UAHC_CL  |d UAHC_CL 
245 1 0 |a Disposiciones fortalecedoras :  |b personalidad resistente y autoeficacia en pacientes con diagnóstico de artritis reumatoide /  |c Stefano Vinaccia ... [et al.]. 
500 |a En: Terapia psicológica, nº1, p. 15-24. 2005. ISSN 07166184. 
500 |a En: Terapia psicológica, nº1, p. 15-24. 2005. ISSN 07166184. 
520 |a El propósito de esta investigación fue describir, relacionar y evaluar la capacidad predictiva de las variables de personalidad resistente y autoeficacia sobre percepción de dolor, depresión y limitaciones funcionales en una muestra disponible de 66 pacientes con diagnóstico de artritis reumatoide. De acuerdo con los resultados, los pacientes evidencian una personalidad resistente consolidada en cuanto las tres subescalas del constructo (compromiso, control y reto) son elevadas y correlacionan entre sí. Así mismo, se observan altos niveles de autoeficacia, poca incapacidad funcional correlacionó positiva y significativamente con intensidad de dolor, y la interferencia del dolor pudo predecirse a partir de la autoeficacia, lo que ésta última constituya una variable fundamental de intervención sobre la percepción del dolor, y demás variables estrechamente relacionadas con él (depresión, discapacidad funcional, estrategias de afrontamiento). Se pone de manifiesto la necesidad de continuar evaluando la capacidad predictiva de las variables involucradas en experiencia de las enfermedades crónicas. 
520 |a El propósito de esta investigación fue describir, relacionar y evaluar la capacidad predictiva de las variables de personalidad resistente y autoeficacia sobre percepción de dolor, depresión y limitaciones funcionales en una muestra disponible de 66 pacientes con diagnóstico de artritis reumatoide. De acuerdo con los resultados, los pacientes evidencian una personalidad resistente consolidada en cuanto las tres subescalas del constructo (compromiso, control y reto) son elevadas y correlacionan entre sí. Así mismo, se observan altos niveles de autoeficacia, poca incapacidad funcional correlacionó positiva y significativamente con intensidad de dolor, y la interferencia del dolor pudo predecirse a partir de la autoeficacia, lo que ésta última constituya una variable fundamental de intervención sobre la percepción del dolor, y demás variables estrechamente relacionadas con él (depresión, discapacidad funcional, estrategias de afrontamiento). Se pone de manifiesto la necesidad de continuar evaluando la capacidad predictiva de las variables involucradas en experiencia de las enfermedades crónicas. 
520 |a El propÛsito de esta investigaciÛn fue describir, relacionar y evaluar la capacidad predictiva de las variables de personalidad resistente y autoeficacia sobre percepciÛn de dolor, depresiÛn y limitaciones funcionales en una muestra disponible de 66 pacientes con diagnÛstico de artritis reumatoide. De acuerdo con los resultados, los pacientes evidencian una personalidad resistente consolidada en cuanto las tres subescalas del constructo (compromiso, control y reto) son elevadas y correlacionan entre sÌ. AsÌ mismo, se observan altos niveles de autoeficacia, poca incapacidad funcional correlacionÛ positiva y significativamente con intensidad de dolor, y la interferencia del dolor pudo predecirse a partir de la autoeficacia, lo que Èsta última constituya una variable fundamental de intervenciÛn sobre la percepciÛn del dolor, y dem·s variables estrechamente relacionadas con Èl (depresiÛn, discapacidad funcional, estrategias de afrontamiento). Se pone de manifiesto la necesidad de continuar evaluando la capacidad predictiva de las variables involucradas en experiencia de las enfermedades crÛnicas. 
653 |a PSICOLOGIA 
700 1 |a Vinaccia, Stefano 
700 1 |a Contreras, Francoise  |e coaut. 
700 1 |a Palacio, Carmencita  |e coaut. 
700 1 |a Marín, Andrés  |e coaut. 
700 1 |a Tobon, Sergio  |e coaut. 
700 1 |a Moreno-San Pedro, Emilio  |e coaut. 
700 1 |a Marín, Andrés  |e coaut. 
759 |a PP172 
773 0 |t Theoria : Ciencia, arte y humanidades  |w 043707 
900 |a TERAPIA PSICOLOGICA-01/05 
942 |c REVA 
952 |0 0  |1 0  |4 0  |6 TERAPIA_PSICOLOGICA01_05_000000000000000  |7 0  |8 General  |9 81284  |a BC  |b BC  |c General  |d 2017-08-03  |l 0  |o TERAPIA PSICOLOGICA-01/05  |p FICTICIO7762  |r 2019-01-08 00:00:00  |t 1  |w 2017-08-03  |y REVA 
999 |c 43696  |d 43696